| 000 | 01192cam a22002054a 4500 | ||
|---|---|---|---|
| 005 | 20250605164102.0 | ||
| 008 | 250528s ||||||||||||||||||||||||d | ||
| 035 | _a17611 | ||
| 020 | _a9781844452101 | ||
| 040 |
_aGR-AtMCL _bgre _dGR-AtMCL _eAACR2 |
||
| 245 | 1 | _aCognitive Behavioral Interventions for Mental Health Practitioners / Mental Health in Practice | |
| 250 | _a1st | ||
| 260 |
_bLearning Matters, _c2010 |
||
| 300 | _a126 | ||
| 520 | _aMental Health in Practice is an exciting new series of books for mental health professionals and practitioners. It combines academic theory with the practical realities of working in the field of mental health and is packed full of activities and features to reinforce learning. Acknowledgements, Introduction, A Brief History of Cognitive Behavioral Therapy, Unmet Need: Policy Related Recommendations, Client Preparation and Assessment, Helping Anxious People, Helping People Who are Low in Mood, Helping People Who Hear Voices and Have False Beliefs, Helping People with Borderline Personality Disorder, Conclusion, Glossary, References, Index. | ||
| 700 | 1 |
_aGrant Alec _93794 |
|
| 942 | _cBK | ||
| 999 |
_c3014 _d3014 |
||